Регионална библиотека "Любен Каравелов" - Русе

Leonardo (Запис номер 210601)

MARC детайли
000 -Лидер
Контролно поле с фиксирана дължина 01472nkm a2200373 c 4500
003 - Код на организацията, давaща контролен номер
Контролно поле BLK
005 - Дата и час на последна редакция
Контролно поле 20200428142834.0
008 - Елементи от данни с фиксирана дължина
fixed length control field 180412b bul rap|r|||| r0| ||bulo|
010 ## - Наследен системен номер
LC control number KNG00167810000
040 ## - Източник на каталожния запис
Идентификатор на билиотеката - собственик на записа BLK
041 ## - Код за език
Код за езика на текст/звукозапис или на отделно заглавие Италиански
Код за езика КДБФ Други
080 ## - УДК
Текстов определител УДК Живопис - художници
УДК код - определител по УДК 75.071.1
УДК определител (45)(092)
УДК - код + определител 75.071.1(45)(092)
080 ## - УДК
Текстов определител УДК Италиански архитект, изобретател, инженер, скулптор и художник от епохата на Ренесанса
УДК код - определител по УДК 929 Леонардо да Винчи
УДК - код + определител 929 Леонардо да Винчи
139 ## - Редно поле
Редна дума Rosci, Marco
Авторски знак Leo - L 55
Feature heading Л 46 М
245 10 - Сведения за заглавието
Заглавие Leonardo
Редно поле (дума) testo Marco Rosci; Леонардо да Винчи.
257 ## - Страна на издаване
Страна на създаване/издаване Италия
260 ## - Област на издателските данни
Име на издателя, разпространителя и проч. Arnoldo Mondadori
Година на издаване 1976
300 ## - Физическа характеристика
Страници 192 p.
Илюстрации и др. ill.
Размери/Мащаб 34 cm
380 ## - Жанр
Жанр Изкуство
500 ## - Общи забележки
Забележка Именен показалец.
600 14 - Име на лице, използвано като предмет
За него / За нея Леонардо да Винчи
9 (RLIN) 364024
650 #4 - Допълнително описание по предмет – тема
Основно описание – тема или топоним Художници, италиански - албуми
9 (RLIN) 303847
651 #4 - Допълнително описание по предмет - топоним
Географско понятие Италия
9 (RLIN) 178965
653 ## - Ключова дума – ненормативна
Ключова дума художници
653 ## - Ключова дума – ненормативна
Ключова дума Леонардо да Винчи
653 ## - Ключова дума – ненормативна
Ключова дума Ренесанс
700 1# - Други автори (авторска отговорност)
Лично име Rosci, Marco
Автороска отговорност (Описва отношението между автора и произведението) testo
9 (RLIN) 22722
700 1# - Други автори (авторска отговорност)
Лично име Леонардо да Винчи
9 (RLIN) 364024
852 ## - Местоположение
Форматна сигнатура Цб Гр А ІІ 2979
856 4# - Електронен адрес и достъп
Електронен формат pdf - файл
Път до файла /url/
856 4# - Електронен адрес и достъп
Електронен формат pdf - файл
Път до файла /url/
999 ## - СИСТЕМНИ КОНТРОЛНИ НОМЕРА
Koha biblionumber 210601
Koha biblioitemnumber 210601
942 ## - АРТИКУЛИ
Вид на библиотечния материал Графични издания
Скрит в OPAC Не
Периодичен библиозапис Да
944 ## - СЪЗДАВАНЕ И РЕДАКЦИЯ на ЗАПИСА
Създаване/Редакция Създаване
Дата на регистрацията/редакция 27.11.2014
Статус, дата на статуса 27.11.2014 - от С1,Р / 27.11.2014
Служител, извършил регистрацията/редакцията Камелия_Данева
944 ## - СЪЗДАВАНЕ И РЕДАКЦИЯ на ЗАПИСА
Създаване/Редакция Редакция
Дата на регистрацията/редакция 27.11.2014
Статус, дата на статуса 27.11.2014 - от С1,Р / 27.11.2014
999 ## - СИСТЕМНИ КОНТРОЛНИ НОМЕРА
Koha biblioitemnumber 210601
Наличности
Код за отписване Код за изгубен артикул Източник на класификационната схема Код за повреда Коз за рестрикции Код за отдаване Артикулен № Име на библиотеката - собственик Име на библиотеката, в която се намира в момента Статус (Текущо местоположение) Дата на вписване в системата Местоположение - отдел Цена в лева Инвентарен номер Систематично азбучна сигнатура Баркод Номер на екземпляра Цена в евро Служебна бележка Служебен тип на артикула
  Не е изгубен Universal Decimal Classification Не е повреден без рестрикции заемане за дома 362255 Регионална библиотека "Любен Каравелов" Русе Регионална библиотека "Любен Каравелов" Русе Отдел Изкуство - подръчен фонд 1976-01-01 Отдел Изкуство - подръчен фонд 9.80 385115 75(092)/Л 46 М 120000385115 1 5.01 Дост: Pk Вид: Ф N: стар фонд Дата: 01.01.1976 Дата инв: 04.06.2015 Бележки инв: ГрИ2015 Графични издания
Vip Innovations Ltd, Rousse, Bulgaria 2025